000 01567cam a2200361 i 4500
001 768714001
003 CO-MdFUSB
005 20260317083711.0
007 ta
008 231130t2015 ck ||||| |||| 00| 0 spa d
020 _a978-958-58812-6-6
040 _bspa.
_aCO-MdFUSB
_cCO-MdFUSB
_dCO-MdFUSBC
_erda
041 _aspa
082 0 4 _223
_a248.4
_bT584
100 _aTimmis, Steve
_eautor
245 4 _aUna vida centrada en el evangelio
_c/ Steve Timmis , Tim Chester ; traducido por Cynthia Verónica Pérez de Canales
264 1 _aColombia :
_bPoiema,
_c[2015]
264 4 _c©2015
300 _a95 páginas
_c; 23 cm
336 _atexto
_btxt
_2rdacontent
337 _2rdamedia
_asin mediación
_bn
338 _2rdacarrier
_avolumen
_bnc
490 _aCentrados en el evangelio
505 _tUn cambio centrado en el evangelio:
_aUna vida para Dios. -- Una vida para otros. -- Una vida de cambio. -- Una vida de milagros.
_tPerspectivas centradas en el evangelio:
_aMira arriba: a Dios. -- Mira atrás: a la cruz. -- Mira al lado: a tu comunidad. -- Mira adelante: a la eternidad.
_tUna vida centrada en el evangelio:
_aLas decisiones. -- Las relaciones. -- Los amigos. -- Los horizontes. -- Las posesiones. -- El sufrimiento.
563 _aRústico
650 0 _aVida cristiana
_919
653 _aDiscipulado cristiano
653 _aEspiritualidad cristiana -- Aspectos cristianos
700 _aChester, Tim
_911142
_eautor
700 _a Pérez de Canales, Cynthia Verónica,‏
_97552
_etraductor
942 _cBK
945 _aCatherine Arias Alvarez
999 _c71256
_d71256